000 00283nam a22000977a 4500
999 _c515308
_d515308
082 _aTNC BA27x54 K128
100 _aKamble, N. D.
_920667
245 _aAtrocities on scheduled castes :
_bIn post independent India
_cby N. D. Kamble
260 _aNew Delhi
_bAshish
_c1981
300 _a528p.